Louis Pasteur (Record no. 38604)
[ view plain ]
| 000 -LEADER | |
|---|---|
| fixed length control field | 00427nam a22001577a 4500 |
| 008 - FIXED-LENGTH DATA ELEMENTS--GENERAL INFORMATION | |
| fixed length control field | 230602b |||||||| |||| 00| 0 eng d |
| 040 ## - CATALOGING SOURCE | |
| Original cataloging agency | National Science Library |
| Transcribing agency | National Science Library |
| 080 ## - UNIVERSAL DECIMAL CLASSIFICATION NUMBER | |
| Universal Decimal Classification number | 61:92(44) |
| Item number | J4 |
| 100 ## - MAIN ENTRY--PERSONAL NAME | |
| Personal name | Attwood, Evelyn |
| 245 ## - TITLE STATEMENT | |
| Title | Louis Pasteur |
| 260 ## - PUBLICATION, DISTRIBUTION, ETC. | |
| Place of publication, distribution, etc. | London: |
| Name of publisher, distributor, etc. | Longmans Green And Co., |
| Date of publication, distribution, etc. | 1954 |
| 300 ## - PHYSICAL DESCRIPTION | |
| Extent | v, 153p. |
| 650 ## - SUBJECT ADDED ENTRY--TOPICAL TERM | |
| Topical term or geographic name entry element | Story |
| 653 ## - INDEX TERM--UNCONTROLLED | |
| Uncontrolled term | Literature |
| 942 ## - ADDED ENTRY ELEMENTS (KOHA) | |
| Source of classification or shelving scheme | Universal Decimal Classification |
| Koha item type | Books |
| Withdrawn status | Lost status | Source of classification or shelving scheme | Damaged status | Not for loan | Home library | Current library | Shelving location | Date acquired | Total Checkouts | Full call number | Barcode | Date last seen | Price effective from | Koha item type |
|---|---|---|---|---|---|---|---|---|---|---|---|---|---|---|
| Universal Decimal Classification | National Science Library | National Science Library | GF/Rk-12/C-10/R-6 | 15/07/2004 | 61:92(44) J4 | 187433 | 02/06/2023 | 02/06/2023 | Books |